000
00207nam a22001097a 4500
003
SGT
100
_a
NAVEEN
245
_a
MNOVIGAAN
260
_a
DELHI
_b
NAVEEN PUB.
_c
2002
300
_a
415
942
_2
ddc
_c
BK
999
_c
20883
_d
20883